Ley de Amparo : y su interpretación por el Poder Judicial de la Federación /
Ley de amparo en CD-ROM que permite la búsqueda secuencial y por palabras de la misma. Incluye: Ley de amparo, reglamentaria de los artículos 103 y 107 de la Constitución Política de los Estados Unidos Mexicanos; 10,344 tesis aisladas y de jurisprudencia relacionadas con el texto vigente; Historia l...
Na minha lista:
| Autor Corporativo: | |
|---|---|
| Formato: | Recurso Electrónico |
| Idioma: | espanhol |
| Publicado em: |
México :
Suprema Corte de Justicia de la Nación,
2005, c2005
|
| Assuntos: | |
| Tags: |
Sem tags, seja o primeiro a adicionar uma tag!
|
MARC
| LEADER | 00000nmm^a2200000^a^4500 | ||
|---|---|---|---|
| 001 | 000187629 | ||
| 005 | 20250521000000.0 | ||
| 009 | 20260310102310.378 | ||
| 020 | |a 970-712-537-3 | ||
| 037 | |a Acervo ITESO - Biblioteca | ||
| 041 | |a ESP | ||
| 082 | |a 342. 72085 |b MEX 2005 | ||
| 110 | |a México | ||
| 240 | 1 | 1 | |a [Ley de Amparo] |
| 245 | 1 | 0 | |a Ley de Amparo : |b y su interpretación por el Poder Judicial de la Federación / |
| 264 | 4 | |a México : |b Suprema Corte de Justicia de la Nación, |c 2005, c2005 | |
| 300 | |a 1 disco compacto de computadora | ||
| 336 | |a datos para computadora |b cod |2 rdacontenido | ||
| 337 | |a computadora |b c |2 rdamedio | ||
| 338 | |a disco de computadora |b cd |2 rdasoporte | ||
| 520 | |a Ley de amparo en CD-ROM que permite la búsqueda secuencial y por palabras de la misma. Incluye: Ley de amparo, reglamentaria de los artículos 103 y 107 de la Constitución Política de los Estados Unidos Mexicanos; 10,344 tesis aisladas y de jurisprudencia relacionadas con el texto vigente; Historia legislativa desde su promulgación; Ligas a artículos citados en el ordenamiento; Indice de conceptos jurídicos; Diccionario jurídico de amparo. | ||
| 649 | |a XX | ||
| 650 | |a Amparo - |z México - |x Leyes y Reglamentos | ||
| 650 | |a Jurisprudencia - |z México | ||
| 650 | |a Derecho Constitucional - |z México | ||
| 650 | |a Derecho Público - |z México | ||
| 910 | |a Fondo General | ||
| 920 | |a Electrónicos - Recursos en Disco | ||
| 905 | |a 207 | ||
| 901 | |a SFW0001095 |b IT2 |c SWS |u 20250521 | ||
| 901 | |a SFW0001129 |b IT2 |c SWS |u 20250521 | ||
| 902 | |a https://opac.biblio.iteso.mx/vufind/Record/000187629 | ||